Giáo trình vật lý đại cương A1

Giáo trình này là một trong các giáo trình giai đoạn đại cương của bậc đào tạo Đại học. Kết hợp lý thuyết giáo khoa và những kiến thức thực tiễn, khuyến khích sinh viên tự học, tự nghiên cứu, tác giả đã tham khảo những tài liệu tham khảo...

全面介绍

Đã lưu trong:
书目详细资料
Nhiều tác giả của công ty: Đại học Quốc gia Thành phố Hồ Chí Minh, Đại học Công nghệ Thông tin
格式: 图书
语言:Undetermined
出版: Việt Nam Đại học Quốc gia Thành phố Hồ Chí Minh 2007
主题:
标签: 添加标签
没有标签, 成为第一个标记此记录!
Thư viện lưu trữ: Trung tâm Học liệu Trường Đại học Cần Thơ
LEADER 01266nam a2200217Ia 4500
001 CTU_140664
008 210402s9999 xx 000 0 und d
020 |c 40000 
082 |a 530.07 
082 |b Đ103 
110 |a Đại học Quốc gia Thành phố Hồ Chí Minh 
110 |b Đại học Công nghệ Thông tin 
245 0 |a Giáo trình vật lý đại cương A1 
245 0 |c Đại học Quốc gia Thành phố Hồ Chí Minh ; Biên soạn Trương Quang Nghĩa 
260 |a Việt Nam 
260 |b Đại học Quốc gia Thành phố Hồ Chí Minh 
260 |c 2007 
520 |a Giáo trình này là một trong các giáo trình giai đoạn đại cương của bậc đào tạo Đại học. Kết hợp lý thuyết giáo khoa và những kiến thức thực tiễn, khuyến khích sinh viên tự học, tự nghiên cứu, tác giả đã tham khảo những tài liệu tham khảo của nhiều tác giả trong và ngoài nước và đã xử dụng nhiều ví dụ thực tiễn. 
650 |a Physics,Vật lý 
904 |i Trọng Hiếu 
980 |a Trung tâm Học liệu Trường Đại học Cần Thơ